Employee relations policy and decision making : (Record no. 3058)

MARC details
000 -LEADER
fixed length control field 00919nam a2200145 4500
020 ## - INTERNATIONAL STANDARD BOOK NUMBER
ISBN 0566995409
050 ## - CALL NUMBER
Classification number HD8391
Item number .M32
100 ## - AUTHOR
Personal name Arthur Ivor Marsh; Confederation of British Industry.
245 ## - TITLE
Title Employee relations policy and decision making :
Remainder of title a survey of manufacturing companies carried out for the Confederation of British Industry
260 ## - PUBLICATION INFORMATION
Place of publication Aldershot, Hants
Name of publisher Gower,
Year of publication 1982.
300 ## - DESCRIPTION
Number of Pages vii, 248 p;
Dimensions 22 cm.
505 ## - FORMATTED CONTENTS NOTE
Table of Content Chapter 1. Introduction<br/>Chapter 2. The survey company<br/>Chapter 3. The staffing of employee relations <br/>Chapter 4. Boards of companies and employee relations<br/>Chapter 5. Participation, consultation and communication<br/>Chapter 6. Pay levels and determination<br/>Chapter 7. The development of formality<br/>Chapter 8. Management style in employee relations<br/>Chapter 9. Policy and decision making<br/>Chapter 10. Summary and prospects
650 ## - SUBJECTS
Topical Term Industrial relations
942 ## - ADDED ENTRY ELEMENTS (KOHA)
Koha item type Books
Holdings
Withdrawn status Lost status Home library Current library Shelving location Date acquired Full call number Accession Number Koha item type
    Methodist University Library Tema Methodist University Library Tema General Stacks 09/01/2006 HD8391 .M32 21281 Books
Copyright © 2026  MUG Library